000
00247nam a22000977a 4500
999
_c
11737
_d
11737
008
200113b ||||| |||| 00| 0 eng d
020
_a
9780688149710
100
_a
Hoban Tana
_9
7425
245
_a
Look Book
260
_a
New York
_b
Greenwillow Books
_c
1997